000 00422nam a2200169Ia 4500
008 230917s9999||||xx |||||||||||||| ||und||
020 _cRS245
040 _e34006
_aMAIN
041 _aEnglish
082 _a005.43 M59O
100 _aMilenkovic, Milan
245 0 _aOperating systems: Concepts and design
250 _a2nd ed.
260 _aNew Delhi
_bTata McGraw-Hill
_c2001
300 _axxv, 755 p.
942 _cBK
999 _c108776
_d108776